000 01006nam a22002177a 4500
999 _c11547
_d11547
003 AR-CdUCM
008 190404b ||||| |||| 00| 0 spa d
040 _aMUNICIPALIDAD PROVINCIAL DEL CUSCO
_cBIBLIOTECA MUNICIPAL DEL CUSCO
082 _23ed.
_a345.1 /
_bG9 / 1947
100 _aGuzmán Ferrer, Fernando
_928966
245 _aCódigo de procedimientos penales :
_boncordado con el anteproyecto, proyecto, exposiciones de motivos, Código de procedimientos en materia criminal de 1920, códigos de derecho internacional, códigos y leyes vigentes y jurisprudencia de la Corte Suprema de Justicia /
260 _aLima :
_bLibr. e Impr. Gil,
_c1947.
300 _a336 páginas ;
_c22 cm.
440 _aLegislación peruana ;
_928967
505 _aContenido: De la justicia y de las partes -- Instrucción -- Del juicio -- Procedimientos especiales.
650 _aDerecho procesal penal
_98708
650 _aLegislación
_92962
650 _aPerú
_935
942 _2ddc
_cLIBROS
945 _aacv
_d04/04/2019